Computer Architecture and Organigation (Record no. 7784)

MARC details
000 -LEADER
fixed length control field 00329nam a2200133Ia 4500
008 - FIXED-LENGTH DATA ELEMENTS--GENERAL INFORMATION
fixed length control field 191201s2011 xx 000 0 und d
082 ## - DEWEY DECIMAL CLASSIFICATION NUMBER
Classification number 004.22
Item number CAC
100 ## - MAIN ENTRY--PERSONAL NAME
Personal name CARTER,Nicholas P
245 #0 - TITLE STATEMENT
Title Computer Architecture and Organigation
250 ## - EDITION STATEMENT
Edition statement Rep
260 ## - PUBLICATION, DISTRIBUTION, ETC. (IMPRINT)
Date of publication, distribution, etc 2011
Name of publisher, distributor, etc TMH
Place of publication, distribution, etc NEW DELHI
300 ## - PHYSICAL DESCRIPTION
Extent MISC.
942 ## - ADDED ENTRY ELEMENTS (KOHA)
Source of classification or shelving scheme Dewey Decimal Classification
Koha item type Text Books
942 ## - ADDED ENTRY ELEMENTS (KOHA)
-- 7
Holdings
Withdrawn status Lost status Source of classification or shelving scheme Damaged status Not for loan Collection code Home library Current library Date acquired Source of acquisition Cost, normal purchase price Bill Number Total Checkouts Full call number Acc. no. / Barcode Date last seen Actual Cost, discounted price Bill Date Koha item type Date last borrowed
    Dewey Decimal Classification     BCA PIET C-LIBRARY PIET C-LIBRARY 07/03/2012 IBH, New Delhi 410.00 4863   004.22 CAC BC149 04/12/2019 263.71 07/03/2012 Text Books  
    Dewey Decimal Classification     BCA PIET C-LIBRARY PIET C-LIBRARY 07/03/2012 IBH, New Delhi 410.00 4863 1 004.22 CAC BC150 22/12/2022 263.71 07/03/2012 Text Books 10/12/2022
    Dewey Decimal Classification     BCA PIET C-LIBRARY PIET C-LIBRARY 07/03/2012 IBH, New Delhi 410.00 4863 2 004.22 CAC BC151 04/11/2024 263.71 07/03/2012 Text Books 22/09/2022
    Dewey Decimal Classification     BCA PIET C-LIBRARY PIET C-LIBRARY 07/03/2012 IBH, New Delhi 410.00 4863 3 004.22 CAC BC152 28/05/2026 263.71 07/03/2012 Text Books 21/05/2026
    Dewey Decimal Classification     BCA PIET C-LIBRARY PIET C-LIBRARY 07/03/2012 IBH, New Delhi 410.00 4863 3 004.22 CAC BC153 19/08/2023 263.71 07/03/2012 Text Books 12/08/2023
    Dewey Decimal Classification     BCA PIET C-LIBRARY PIET C-LIBRARY 07/03/2012 IBH, New Delhi 410.00 4863 1 004.22 CAC BC154 12/12/2023 263.71 07/03/2012 Text Books 07/12/2023

Design & Developed by: PIET Central Library
R70 Miles Stone Pattikalyana Samalkha Panipat 132102
mail ID :- [email protected], Phone No:- 0180-2569700 Ex.216